| 000 | 00668naa a2200229 4500 | ||
|---|---|---|---|
| 005 | 20110810145620.0 | ||
| 008 | 110810t xxu||||| |||| 00| 0 eng d | ||
| 010 | _aENG-103353 | ||
| 020 |
_c200.00 _a9781449529925 |
||
| 035 | _aEN-86886 | ||
| 037 | _bDBAD/PUB | ||
| 040 |
_aDPL _bEng |
||
| 082 | _aN | ||
| 100 |
_932587 _aGhatak, Adhir |
||
| 245 | 1 |
_aBefore and after / _cAdhir Ghatak |
|
| 260 |
_aKolkata _bCodex _c2011 |
||
| 270 |
_a8-A ,Tamer Lane _bKolkata _e700009 |
||
| 300 |
_a207,p. _c22cm (Pb) |
||
| 700 | _932860 | ||
| 942 |
_adpl _cEN _2ddc _mGHA _kN |
||
| 999 |
_c55529 _d55529 |
||